| Tag |
First Indicator |
Second Indicator |
Subfields |
| LEADER |
00000cam a2200000 a 4500 |
| 001 |
in00000018129 |
| 005 |
20151007053147.0 |
| 007 |
he bmb||||||| |
| 008 |
880614r19851985miu bb 00010 eng d |
| 035 |
|
|
|a (OCoLC)18081616
|
| 035 |
|
|
|9 AAB0613AM
|
| 040 |
|
|
|a TXA
|c TXA
|d UtOrBLW
|
| 043 |
|
|
|a n-us-tx
|
| 049 |
|
|
|a TXAI
|
| 099 |
|
|
|a fiche
|a C
|a 10583
|
| 100 |
1 |
|
|a Edwards, John Austin.
|
| 245 |
1 |
0 |
|a Social and cultural activities of Texans during Civil War and Reconstruction, 1861-1873 /
|c by John Austin Edwards.
|
| 264 |
|
1 |
|a [Place of publication not identified] :
|b [publisher not identified] ;
|c 1985.
|
| 300 |
|
|
|a iv, 358 leaves.
|
| 336 |
|
|
|a text
|b txt
|2 rdacontent
|
| 337 |
|
|
|a microform
|b h
|2 rdamedia
|
| 338 |
|
|
|a microfiche
|b he
|2 rdacarrier
|
| 502 |
|
|
|b Ph. D.
|c Texas Tech University
|d 1985.
|
| 504 |
|
|
|a Bibliography: leaves 334-358.
|
| 533 |
|
|
|a Microfiche.
|b Ann Arbor, Mich. :
|c University Microfilms International,
|d 1985.
|e 4 microfiches ; 11 x 15 cm.
|
| 500 |
|
|
|a Microform.
|
| 651 |
|
0 |
|a Texas
|x History
|y Civil War, 1861-1865.
|
| 650 |
|
0 |
|a Reconstruction (U.S. history, 1865-1877)
|z Texas.
|
| 651 |
|
0 |
|a Texas
|x Social life and customs.
|
| 999 |
|
|
|a MARS
|
| 999 |
f |
f |
|s f0acc924-9ceb-3bc3-b3ad-20c07c19a272
|i c339dc5f-150c-3426-9a86-7bc1ffb5b89a
|t 0
|
| 952 |
f |
f |
|p default
|a Texas A&M University
|b College Station
|c Sterling C. Evans Library
|d Evans: Microforms (3rd floor)
|t 0
|e fiche C 10583
|h Other scheme
|i microform -- microfiche
|
| 998 |
f |
f |
|a fiche C 10583
|t 0
|l Evans: Microforms (3rd floor)
|